000 00351nab a22001097u 4500
008 130520b1983 xxu||||| |||| 00| 0 eng d
041 _aeng
100 1 _aDauenhauer, Bernard P.
_950085
245 0 0 _aAuthorial words about silence
_cBernard P. Dauenhauer
773 0 _tPhilosophy Today
_gV.27, nº2/4,1983,págs. 147-153
_x0031-8256
_wRev325
942 _cAR
999 _c302862
_d302862